书目信息 |
| 题名: |
分子光化学
|
|
| 作者: | 樊美公 , 佟振合 编著 | |
| 分册: | ||
| 出版信息: | 北京 科学出版社 2013.03 |
|
| 页数: | 592页 | |
| 开本: | 24cm | |
| 丛书名: | ||
| 单 册: | ||
| 中图分类: | O644.1 | |
| 科图分类: | ||
| 主题词: | 高等化学--光化学--研究生--教材 , 高等化学 , 光化学 | |
| 电子资源: | ||
| ISBN: | 978-7-03-037139-3 | |
| 000 | 00925nam0 2200289 450 | |
| 001 | 010050027394 | |
| 005 | 20140609154301.32 | |
| 010 | @a978-7-03-037139-3@dCNY128.00 | |
| 100 | @a20130416d2013 em y0chiy50 ea | |
| 101 | 0 | @achi |
| 102 | @aCN@b110000 | |
| 105 | @aak z 000yy | |
| 106 | @ar | |
| 200 | 1 | @a分子光化学@9fen zi guang hua xue@f樊美公,佟振合等编著 |
| 210 | @a北京@c科学出版社@d2013.03 | |
| 215 | @a592页@c图@d24cm | |
| 300 | @a中国科学院大学研究生教材系列 | |
| 330 | @a本书为现代分子光化学基础理论和典型光化学反应机制的综合分析与论述。内容包括分子光化学导论;激发态的产生及其分子内物理衰变理论等。 | |
| 333 | @a研究生类教材 | |
| 606 | 0 | @a高等化学@x光化学@x研究生@j教材 |
| 606 | 0 | @a高等化学 |
| 606 | 0 | @a光化学 |
| 690 | @aO644.1@v5 | |
| 701 | 0 | @a樊美公@9fan mei gong@4编著 |
| 701 | 0 | @a佟振合@9tong zhen he@4编著 |
| 801 | 0 | @aCN@b人天书店@c20130416 |
| 905 | @b845008-10@dO644.1@e12@f3 | |
| 分子光化学/樊美公,佟振合等编著.-北京:科学出版社,2013.03 |
| 592页:图;24cm |
| 中国科学院大学研究生教材系列.-使用对象:研究生类教材 |
| ISBN 978-7-03-037139-3:CNY128.00 |
| 本书为现代分子光化学基础理论和典型光化学反应机制的综合分析与论述。内容包括分子光化学导论;激发态的产生及其分子内物理衰变理论等。 |
| ● |
| 相关链接 |
|
|
|
|
正题名:分子光化学
索取号:O644.1/12
 
预约/预借
| 序号 | 登录号 | 条形码 | 馆藏地/架位号 | 状态 | 备注 |
| 1 | 845008 | 208450086 | 第二样本阅览室/ [索取号:O644.1/12] | 在馆 | |
| 2 | 845009 | 208450095 | 第三借阅区/ [索取号:O644.1/12] | 在馆 | |
| 3 | 845010 | 208450102 | 密集书库-化学系/ [索取号:O644.1/12] | 在馆 |